000 005390000a22001810004500
003 MACL
005 20160520123628.0
008 160520b xxu||||| |||| 00| 0 eng d
040 _aMACL
_cMACL
041 _aHindi
082 _a891.433 NEE
100 _aनीलकांत
_952121
245 _aअमलतास के फूल
_cनीलकांत
260 _bसुबोध प्रकाशन
_c1992
_aइलाहाबाद
350 _a40
650 _aHindi Fiction
_958413
942 _cHIN
_k891.433/NEE/S
_2ddc
999 _c19779
_d19779